000 00831nas a2200265 4500
001 BR5700053
003 BR-BrBNA
005 20231205082007.0
007 ta
008 230509b bl.|||p| |||| 00| 00por d
040 _aBR-BrBNA
_bpor
_cBiblioteca Nacional de Agricultura
041 _a(Pt)
072 _aE15
100 1 _aHafner, V.A.
245 1 _aOs 50 anos de umas das mais antigas das Caixas Rurais: A de Sao Jose do Herval [Capital; Cooperativa; Financiamento; Juro; Rio Grande do Sul; Brasil]
650 _aMicroeconomia
650 _aCapital
650 _aCooperativa
650 _aFinanciamento
650 _aJuro
650 _aRio Grande do Sul
773 0 _tSul - Coop. Cooperativismo (Brazil)
_x
_g(Mar 1957), v. 9(43) p. 4-5
_wBR5700053
909 _a202311
_bLúcia
_c55
_dLúcia Elande
942 _2AGRIS
_n0
_cANA
999 _c88399
_d88399